01919 2200241 4500001002100000005001500021035002000036007000300056008004100059020002200100245007800122250001000200260003800210300003100248650001500279650002100294700002500315082001500340084001900355111004500374520123600419990002201655INLIS00000000000567420260428085324 a0010-0226000002ta260428 0 ind  a978-979-582-399-51 aMeritrokrasi Mendukung Swasembada Pangan /cAndi Amran Sulaiman...[et.al] aEd. 1 aJakarta :bPertanian Press,c2025 axi, 139 hal.; ilus,; 21 cm 4aSwasembada 4aKetahanan Pangan0 aSULAIMAN, Andi Amran a63 : 35.08 a63 : 35.08 MER0 aMeritrokrasi Mendukung Swasembada Pangan aSwasembada pangan merupakan agenda strategis nasional dalam rangka mewujudkan kedaulatan dan ketahanan pangan yang berkelanjutan. Pencapaiannya tidak hanya ditentukan oleh ketersediaan sumber daya alam, dukungan teknologi, dan infrastruktur, tetapi juga oleh kualitas tata kelola serta kapasitas sumber daya manusia yang mengelola sektor pertanian. Dalam konteks tersebut, penerapan prinsip meritokrasi menjadi elemen kunci. Buku ini membahas urgensi penerapan sistem merit berbasis kompetensi, kinerja, dan kualifikasi dalam pengelolaan sumber daya manusia sektor pertanian, khususnya di lingkungan Kementerian Pertanian. Melalui analisis terhadap mekanisme rekrutmen, promosi, dan manajemen talenta yang transparan serta objektif, buku ini menunjukkan kontribusi meritokrasi dalam meningkatkan efisiensi organisasi, produktivitas sektor pertanian, dan kesejahteraan pelaku utama. Disertai landasan regulasi, strategi implementasi, serta identifikasi tantangan operasional di lapangan, buku ini menawarkan perspektif konseptual sekaligus panduan aplikatif bagi pembuat kebijakan, akademisi, dan praktisi dalam membangun sistem pertanian yang profesional, adil, dan berorientasi pada keberlanjutan swasembada pangan nasional. a5106/BPPSDMP/2026